00561nam a2200157Ia 4500008004100000100002100041245010000062245003800162260004000200260000900240300002700249650001400276650002200290999001900312952007200331170224s9999 xx 000 0 und d aChristian Tarchi aReciprocal teaching: Analyzing interactive dynamics in the co-construction of a text's meaning  cChristian Tarchi & Giuliana Pinto bThe Journal of Educational Research c2016 a109:5, Pages: 518-530 xEducation xSpecial Education c315711d315711 001040aCLbCLd2017-02-24l0r2017-02-24 00:00:00w2017-02-24ySE